LEADER 01422nam a2200325 u 4500 001 000000048888 003 CaOOAMICUS 005 20070226115041.0 008 000602s2000 it b u000 u ita u 020 $a8879723235 035 $a10849172 040 $aPUL$bita$dPUL(R) 041 1 $aita$heng 100 1 $aFletcher, Richard.$0(OLS)http://pul/name/35449 240 10$aConversion of Europe.$lItaliano.$0(OLS)http://pul/title/65899 245 13$aLa conversione dell'Europa :$bdal paganesimo al cristianesimo 371-1386 d.C. /$cRichard Fletcher ; traduzione di Stefano Di Marino. 260 $aMilano :$bCorbaccio,$cc2000. 300 $a657 p. :$bc. geogr. ;$c21 cm 490 1 $aCollana storica 500 $aContiene indici. 650 4$aConversione religiosa$xStoria.$0(OLS)http://pul/subject/20611 700 1 $aDi Marino, Stefano.$0(OLS)http://pul/name/35450 830 0$aCollana storica (Corbaccio).$0(OLS)http://pul/title/35709 850 $aPUL 852 $aPUL$W1$xSL Religione 2$y84$mRH E1 20$j65048$nBK-PRI$b $qStampati altre collocazioni$B65048$CPULBib$Z2$F65048 $H $81 941 1 $a10 961 $aINV: 81990 996 $6020$a8879723235$9(OLS)http://pul/number/61652 996 $6245$aLa conversione dell'Europa :$bdal paganesimo al cristianesimo 371-1386 d.C.$9(OLS)http://pul/title/65900 996 $6260$aMilano :$bCorbaccio$9(OLS)http://pul/publisher/55572 LEADER 01167nam a2200277 a 4500 001 000000137713 003 CaOOAMICUS 005 20140312124357.0 008 140312s2013 it u000 u ita r 020 $a978-88-17-07002-7 040 $aPUL$bita 082 04$a121 100 1 $aSeverino, Emanuele,$d1929-2020.$0(OLS)http://pul/name/4702 245 13$aLa potenza dell'errare :$bsulla storia dell'Occidente /$cEmanuele Severino. 260 $aMilano :$bRizzoli ;$aMilano :$bR.C.S. Libri,$c©2013. 300 $a351 p. ;$c22 cm. 650 4$aVeritą$xAspetti filosofici.$0(OLS)http://pul/subject/38683 850 $aPUL 852 $aPUL$W1$xSL Filosofia 3$y81$m121 SEVEM 1$j158743$qDDC 21$B158269$CPULBib$Z2$F158269 $H123650 $82 941 1 $a9 996 $6020$a978-88-17-07002-7$9(OLS)http://pul/number/154782 996 $6082$a121$9(OLS)http://pul/classification/133 996 $6245$aLa potenza dell'errare :$bsulla storia dell'Occidente$9(OLS)http://pul/title/174375 996 $6260$aMilano :$bRizzoli$9(OLS)http://pul/publisher/48712 996 $6260$aMilano :$bR.C.S. Libri$9(OLS)http://pul/publisher/74600